| 000 | 01487 a2200205 4500 | ||
|---|---|---|---|
| 001 | 58779 | ||
| 005 | 20260407155842.0 | ||
| 008 | 260407a1975 arg spa d | ||
| 003 | AR-UNSa-BCEJYS | ||
| 040 |
_aAR-UNSa-BCEJYS _bspa _cAR-UNSa-BCEJYS |
||
| 080 |
_a336.226.3 _xImpuestos por el uso de los ingresos. Impuestos al consumo. IVA |
||
| 245 | 1 | 0 |
_aTributación sobre el valor agregado _pLey Nº 20.631 |
| 264 | 1 |
_aBuenos Aires : _bVíctor P. de Zavalía _c1975 |
|
| 300 |
_a287 p. _c23 cm. |
||
| 505 | _a1. Pautas previas para la tributación - 2. Antecedentes históricos de la tributación sobre venta y servicios - 3. Presupuestos constitucionales sobre el IVA - 4. Imposición sobre las ventas - 5. Ubicación del impuesto al valor agregado en el sistema tributario estatal y particularmente en el sistema impositivo argentino - 6. Concepto del impuesto sobre el valor agregado - 7. Principios generales aplicables en la tributación sobre el valor agregado - 8. Análisis de la legislación Argentina sobre el impuesto al valor agregado - 9. Jurisprudencia sobre aplicación de las leyes impositivas a los consumos - 10. Régimen de la inscripción - 11. Régimen de recaudación - 12. Régimen de coparticipación - 13. Legislación comparada sobre el impuesto al valor agregado - 14. Consideraciones finales sobre la legislación del impuesto al valor agregado. | ||
| 041 | _aspa | ||
| 942 | _cBK | ||
| 590 | _aniveau_biblio:m niveau_hierar:0 | ||
| 100 | 1 | _aJuano, Manuel de | |
| 999 |
_c6486 _d6486 |
||